000 00584nam a2200181Ia 4500
003 GCL
008 140319s9999 xx 000 0 ara d
040 _aGCL /
_cGCL
082 0 4 _aد
_b050
_bد هـ
245 1 0 _aالهلال سبتمبر 1997 : 105 عام من الهلال
260 _aالقاهرة :
_bدار الهلال للطباعة والنشر ،
_c1997
650 0 4 _aتوفيق الحكيم
650 0 4 _aالفن المصرى
650 0 4 _aالسيدة زينب
650 0 4 _aالتنمية البشرية
650 0 4 _aثورة المعلومات
942 _2ddc
_cCR
999 _c6707
_d6707